Top 25 current Atlanta Falcons (no ranking) - Statistics

General Stats
  • This quiz has been taken 15 times
  • The average score is 6 of 25
Answer Stats
Position Answer % Correct
WR Drake London
71%
TE Kyle Pitts
71%
CB AJ Terrell
64%
QB Desmond Ridder
57%
QB Marcus Mariota
57%
RG Chris Lindstrom
43%
LT Jake Matthews
43%
WR Calvin Ridley
36%
RB Cordarrelle Patterson
36%
DT Grady Jarrett
29%
K Younghoe Koo
21%
RT Kaleb McGary
14%
RB Damien Williams
7%
C Matt Hennessy
7%
WR Olamide Zaccheaus
7%
DE Adetokunbo Ogundeji
0%
LB Arnold Ebiketie
0%
WR Auden Tate
0%
WR Bryan Edwards
0%
CB Casey Heyward
0%
WR Damiere Byrd
0%
LB Deion Jones
0%
LG Elijah Wilkinson
0%
FS Erik Harris
0%
LB Nick Kwiatkoski
0%
No matching quizzes found
Score Distribution
Percent of People with Each Score
Percentile by Number Answered
Your Score History
You have not taken this quiz